[Event "UzChess Cup Challengers"]
[Site "Tashkent UZB"]
[Date "2024.06.10"]
[Round "5.3"]
[White "Donchenko, Alexander"]
[Black "Matlakov, Maxim"]
[Result "1/2-1/2"]
[WhiteTitle "GM"]
[BlackTitle "GM"]
[WhiteElo "2639"]
[BlackElo "2657"]
[WhiteFideId "24603295"]
[BlackFideId "4168003"]
[EventDate "2024.06.06"]

1. c4 Nf6 2. Nf3 e6 3. b3 b6 4. g3 Bb7 5. Bg2 c5 6. O-O Be7 7. Bb2 O-O 8. d4
cxd4 9. Qxd4 Nc6 10. Qf4 d5 11. Rd1 Qc8 12. Nc3 dxc4 13. Qxc4 Nb4 14. Qf4 Rd8
15. Rxd8+ Qxd8 16. Rd1 Qe8 17. Qc7 Rb8 18. Ne5 Na6 19. Qc4 Rc8 20. Qb5 Bxg2 21.
Kxg2 Nb8 22. Qxe8+ Nxe8 23. f4 a6 24. Kf3 b5 25. Rc1 Kf8 26. Ne4 Rxc1 27. Bxc1
f6 28. Nd3 Nd7 29. Bd2 1/2-1/2

[Event "UzChess Cup Challengers"]
[Site "Tashkent UZB"]
[Date "2024.06.10"]
[Round "5.4"]
[White "Vokhidov, Shamsiddin"]
[Black "Suleymanli, Aydin"]
[Result "1-0"]
[WhiteTitle "GM"]
[BlackTitle "GM"]
[WhiteElo "2624"]
[BlackElo "2626"]
[WhiteFideId "14204223"]
[BlackFideId "13413937"]
[EventDate "2024.06.06"]

1. e4 e5 2. Nf3 Nc6 3. Bc4 Nf6 4. Ng5 d5 5. exd5 Na5 6. Bb5+ c6 7. dxc6 bxc6 8.
Bd3 Nd5 9. h4 h6 10. Qh5 Qf6 11. Ne4 Qe6 12. b3 g6 13. Qe2 f5 14. Nec3 Nf4 15.
Qf1 Bb7 16. Bb2 O-O-O 17. Be2 c5 18. f3 Nxe2 19. Qxe2 Nc6 20. Na3 Nd4 21. Qf2 c4
22. O-O-O Ba6 23. Nxc4 Bxc4 24. bxc4 Qxc4 25. Rhe1 Rh7 26. Rxe5 Rb7 27. Rde1 Qb4
28. Nd1 Qa4 29. Bxd4 Ba3+ 30. Bb2 Qb4 31. Qe3 Bxb2+ 32. Nxb2 Qxb2+ 33. Kd1 Rbd7
34. d3 Qb1+ 35. Kd2 Qb4+ 36. Ke2 Rc7 37. c4 Qa4 38. Kf1 Qxa2 39. Re8 1-0

[Event "UzChess Cup Challengers"]
[Site "Tashkent UZB"]
[Date "2024.06.10"]
[Round "5.5"]
[White "Romanov, Evgeny"]
[Black "Yilmaz, Mustafa"]
[Result "1-0"]
[WhiteTitle "GM"]
[BlackTitle "GM"]
[WhiteElo "2577"]
[BlackElo "2601"]
[WhiteFideId "4148843"]
[BlackFideId "6302718"]
[EventDate "2024.06.06"]

1. d4 Nf6 2. c4 e6 3. g3 d5 4. Bg2 dxc4 5. Qa4+ Nbd7 6. Qxc4 c5 7. Nf3 a6 8. Qc2
b5 9. Ne5 Nd5 10. Nxd7 Qxd7 11. dxc5 Bb7 12. a3 Rc8 13. b4 Nxb4 14. axb4 Bxg2
15. Rg1 Qd4 16. Qb2 Qxb2 17. Bxb2 Bb7 18. g4 f6 19. f4 Be7 20. Nd2 Kf7 21. Nb3
Bd5 22. Rg3 Ra8 23. h4 Rhc8 24. Na5 Bd8 25. g5 Bc7 26. e3 Rd8 27. h5 Be4 28. h6
fxg5 29. Rxg5 g6 30. Be5 Bxa5 31. Rxa5 Rd3 32. Bd4 Rb3 33. c6 Rxb4 34. Rc5 Ke7
35. c7 Rb1+ 36. Kd2 Bb7 37. Kc2 Be4+ 38. Kd2 Bb7 39. Ra3 Rh1 40. Rxb5 Rh2+ 41.
Kd3 axb5 42. Rxa8 Kd7 43. Rh8 Kxc7 44. Rxh7+ Kc6 45. Be5 Ba6 46. Rc7+ Kb6 47. h7
b4+ 48. Ke4 Bb5 49. Kf3 b3 50. Re7 1-0

[Event "UzChess Cup Challengers"]
[Site "Tashkent UZB"]
[Date "2024.06.11"]
[Round "6.1"]
[White "Predke, Alexandr"]
[Black "Yilmaz, Mustafa"]
[Result "1-0"]
[WhiteTitle "GM"]
[BlackTitle "GM"]
[WhiteElo "2667"]
[BlackElo "2601"]
[WhiteFideId "24107581"]
[BlackFideId "6302718"]
[EventDate "2024.06.06"]

1. d4 Nf6 2. c4 e6 3. Nf3 d5 4. g3 dxc4 5. Bg2 c5 6. O-O Nc6 7. dxc5 Qxd1 8.
Rxd1 Bxc5 9. Nbd2 c3 10. bxc3 O-O 11. c4 Bd7 12. g4 Rfd8 13. g5 Ne8 14. Ne4 Be7
15. Rb1 b6 16. c5 Nc7 17. cxb6 axb6 18. Nc3 Nd5 19. Nxd5 exd5 20. Rxd5 Rxa2 21.
Be3 Be8 22. Nd2 Rxd5 23. Bxd5 Ra5 24. Bxc6 Bxc6 25. Rxb6 Ra1+ 26. Nf1 Be8 27.
Kg2 Ra5 28. f4 Rd5 29. Ng3 Rd6 30. Rb2 g6 31. Bc5 Re6 32. Bxe7 Rxe7 33. Rb6 h6
34. h4 hxg5 35. hxg5 Bd7 36. Kf3 Bh3 37. Rb4 Be6 38. Rd4 Bd7 39. Rd6 Kf8 40. e4
Bh3 41. f5 gxf5 42. exf5 Ra7 43. Kf4 Ke7 44. Rd4 Ra5 45. Rb4 Bg2 46. f6+ Kd7 47.
Ne4 Ra7 48. Rd4+ Kc6 49. Nd6 Bh3 50. g6 fxg6 51. f7 Ra1 52. Rd3 Bg2 1-0

[Event "UzChess Cup Challengers"]
[Site "Tashkent UZB"]
[Date "2024.06.11"]
[Round "6.2"]
[White "Suleymanli, Aydin"]
[Black "Romanov, Evgeny"]
[Result "1/2-1/2"]
[WhiteTitle "GM"]
[BlackTitle "GM"]
[WhiteElo "2626"]
[BlackElo "2577"]
[WhiteFideId "13413937"]
[BlackFideId "4148843"]
[EventDate "2024.06.06"]

1. e4 c5 2. Nf3 e6 3. d4 cxd4 4. Nxd4 Nf6 5. Nd2 d6 6. Bd3 Be7 7. O-O O-O 8. b3
b6 9. Bb2 Bb7 10. Qe2 Nfd7 11. Rad1 Nc5 12. Nc4 a6 13. b4 Nxd3 14. Rxd3 Nd7 15.
e5 dxe5 16. Nxe6 fxe6 17. Nxe5 Bd5 18. c4 Nxe5 19. Bxe5 Rf7 20. cxd5 exd5 21.
Qd2 Qf8 22. Rb1 Rd8 23. a3 a5 24. f3 axb4 25. axb4 Bd6 26. Bd4 b5 27. Bf2 Rfd7
28. g3 Qf5 29. Rd1 Be7 30. Bb6 Rb8 31. Ba5 d4 32. Rxd4 1/2-1/2

[Event "UzChess Cup Challengers"]
[Site "Tashkent UZB"]
[Date "2024.06.11"]
[Round "6.3"]
[White "Matlakov, Maxim"]
[Black "Vokhidov, Shamsiddin"]
[Result "1/2-1/2"]
[WhiteTitle "GM"]
[BlackTitle "GM"]
[WhiteElo "2657"]
[BlackElo "2624"]
[WhiteFideId "4168003"]
[BlackFideId "14204223"]
[EventDate "2024.06.06"]

1. e4 e5 2. Nf3 Nc6 3. Bc4 Bc5 4. c3 Nf6 5. d3 O-O 6. O-O d5 7. exd5 Nxd5 8. Re1
Bg4 9. Nbd2 Nb6 10. h3 Bh5 11. Bb3 Qxd3 12. Nxe5 Qf5 13. Nef3 Rad8 14. Qe2 Nd5
15. Ne4 Bxf3 16. Qxf3 Qxf3 17. gxf3 Bb6 18. a4 a5 19. Kf1 h6 20. Rd1 Nde7 21.
Bf4 g5 22. Bh2 Kg7 23. f4 1/2-1/2

[Event "UzChess Cup Challengers"]
[Site "Tashkent UZB"]
[Date "2024.06.11"]
[Round "6.4"]
[White "Indjic, Aleksandar"]
[Black "Donchenko, Alexander"]
[Result "1/2-1/2"]
[WhiteTitle "GM"]
[BlackTitle "GM"]
[WhiteElo "2602"]
[BlackElo "2639"]
[WhiteFideId "911925"]
[BlackFideId "24603295"]
[EventDate "2024.06.06"]

1. c4 e5 2. Nf3 e4 3. Nd4 Nc6 4. e3 Nf6 5. Nc3 Ne5 6. f4 Nd3+ 7. Bxd3 exd3 8.
O-O d5 9. cxd5 Nxd5 10. Qh5 Nf6 11. Qe5+ Be7 12. Ndb5 O-O 13. Qxc7 a6 14. Qxd8
Rxd8 15. Nd4 Bc5 16. Nf3 b5 17. b3 Bb7 18. Bb2 Rac8 19. Rfc1 Ba7 20. Kf1 h6 21.
b4 Ne8 22. Nd1 Rc2 23. Ke1 Nd6 24. Rxc2 dxc2 25. Nf2 Nc4 26. Bc1 a5 27. a3 Bd5
28. Ke2 Rc8 29. e4 Bxf2 30. exd5 Ba7 31. Ra2 Nb6 32. bxa5 Nxd5 33. g3 b4 34.
axb4 Nxb4 35. Rb2 Re8+ 36. Kf1 Bc5 37. Ne1 Ra8 38. Nxc2 Nd3 39. Rb5 Nxc1 40.
Rxc5 Nb3 41. Rd5 Nxa5 42. Nd4 Nc4 43. Ke2 g6 44. Nc6 Ra6 45. Rc5 Ra4 46. Kd3 Nd6
47. Ne5 h5 48. Rc6 Ra3+ 49. Ke2 Nf5 50. Rc7 Nd6 51. Rd7 Ra6 52. h3 Kf8 53. d3
Ke8 54. Rc7 Ra2+ 55. Kf3 Ra1 56. g4 hxg4+ 57. hxg4 Ra5 58. Re7+ Kxe7 59. Nc6+
Ke6 60. Nxa5 f6 61. Nc4 Nb5 62. Ke3 Nc3 63. Nb6 Nd1+ 64. Ke2 Nc3+ 65. Kd2 Nb5
66. Na4 Nd4 67. Nc5+ Kd5 68. Ne4 Ke6 69. Ng3 Kd5 70. Nf1 g5 71. Ne3+ Ke6 72. Nc2
Nxc2 73. fxg5 1/2-1/2

[Event "UzChess Cup Challengers"]
[Site "Tashkent UZB"]
[Date "2024.06.12"]
[Round "7.1"]
[White "Gupta, Abhijeet"]
[Black "Predke, Alexandr"]
[Result "0-1"]
[WhiteTitle "GM"]
[BlackTitle "GM"]
[WhiteElo "2589"]
[BlackElo "2667"]
[WhiteFideId "5010608"]
[BlackFideId "24107581"]
[EventDate "2024.06.06"]

1. d4 Nf6 2. c4 e6 3. Nf3 b6 4. a3 Bb7 5. Nc3 Ne4 6. Nxe4 Bxe4 7. h4 h6 8. e3 d6
9. Bd3 Bxd3 10. Qxd3 Nd7 11. Bd2 Qc8 12. Bc3 Qb7 13. e4 a6 14. d5 e5 15. b4 Be7
16. Nd2 c6 17. Nf1 cxd5 18. cxd5 h5 19. Ne3 g6 20. Ke2 Rc8 21. Rac1 b5 22. Bb2
O-O 23. Rcg1 Nf6 24. f3 Bd8 25. Rc1 Bb6 26. Rxc8 Rxc8 27. Rc1 Nd7 28. Rxc8+ Qxc8
29. Qc2 Qxc2+ 30. Nxc2 f5 31. g3 Nf6 32. exf5 gxf5 33. f4 Ng4 34. Ne1 Bf2 35.
Nf3 Bxg3 36. fxe5 dxe5 37. d6 e4 38. Nd4 f4 39. Nf5 Kf7 40. d7 f3+ 41. Kd1 Bc7
42. Nd6+ Ke6 43. Nxe4 Kxd7 44. Bd4 Bd8 45. Ng3 Bxh4 46. Nxh5 Nh2 0-1

[Event "UzChess Cup Challengers"]
[Site "Tashkent UZB"]
[Date "2024.06.12"]
[Round "7.2"]
[White "Donchenko, Alexander"]
[Black "Vakhidov, Jakhongir"]
[Result "0-1"]
[WhiteTitle "GM"]
[BlackTitle "GM"]
[WhiteElo "2639"]
[BlackElo "2580"]
[WhiteFideId "24603295"]
[BlackFideId "14201801"]
[EventDate "2024.06.06"]

1. Nf3 g6 2. e4 c5 3. c4 Bg7 4. d4 cxd4 5. Nxd4 Nc6 6. Be3 Qb6 7. Nb5 Qa5+ 8.
N5c3 d6 9. Be2 Qb4 10. Qc1 Bd4 11. Bd2 Nf6 12. O-O Bg4 13. Bxg4 Nxg4 14. Na3 Qc5
15. Nd1 Qe5 16. Bf4 Qxe4 17. Nb5 O-O 18. Nxd4 Qxd4 19. h3 Nge5 20. Bh6 Rfd8 21.
b3 Nd3 22. Qd2 d5 23. cxd5 Qxd5 24. Nc3 Qh5 25. Rad1 Nb2 26. Qxb2 Qxh6 27. b4
Qg7 28. b5 Nd4 29. Rd3 Rd6 30. Rfd1 Rad8 31. Kh1 Qe5 32. Qb1 Qf5 33. Rg3 Ne2 0-1

[Event "UzChess Cup Challengers"]
[Site "Tashkent UZB"]
[Date "2024.06.12"]
[Round "7.3"]
[White "Vokhidov, Shamsiddin"]
[Black "Indjic, Aleksandar"]
[Result "1-0"]
[WhiteTitle "GM"]
[BlackTitle "GM"]
[WhiteElo "2624"]
[BlackElo "2602"]
[WhiteFideId "14204223"]
[BlackFideId "911925"]
[EventDate "2024.06.06"]

1. e4 e5 2. Nf3 Nf6 3. Nxe5 d6 4. Nf3 Nxe4 5. Nc3 Nf6 6. d4 g6 7. Qe2+ Qe7 8.
Be3 Bg7 9. O-O-O O-O 10. Qd2 Bg4 11. h3 Bxf3 12. gxf3 d5 13. h4 c6 14. f4 Nbd7
15. f5 Nh5 16. Rg1 b5 17. Bd3 Nb6 18. Bg5 Qd6 19. Ne2 Nc4 20. Bxc4 dxc4 21. Ng3
Nxg3 22. Rxg3 Rfe8 23. fxg6 hxg6 24. h5 Re4 25. Be3 Rae8 26. hxg6 f5 27. Rf3 Qd5
28. Qa5 Rg4 29. Qxa7 Rxg6 30. Rh3 f4 31. Bxf4 Qf5 32. Rh4 Re2 33. Qb8+ Bf8 34.
Bd2 Rxf2 35. Rf4 Rxf4 36. Bxf4 Rg2 37. Bd2 b4 38. a3 bxa3 39. bxa3 Qb5 40. Qe8
Qf5 41. Qxc6 Bxa3+ 42. Kb1 Qg4 43. Rf1 Rg1 44. Qxc4+ Kg7 45. Qf7+ Kh8 46. Qf6+
Kg8 47. Rxg1 Qxg1+ 48. Ka2 Bc1 49. Qe6+ 1-0

[Event "UzChess Cup Challengers"]
[Site "Tashkent UZB"]
[Date "2024.06.12"]
[Round "7.4"]
[White "Romanov, Evgeny"]
[Black "Matlakov, Maxim"]
[Result "1/2-1/2"]
[WhiteTitle "GM"]
[BlackTitle "GM"]
[WhiteElo "2577"]
[BlackElo "2657"]
[WhiteFideId "4148843"]
[BlackFideId "4168003"]
[EventDate "2024.06.06"]

1. e4 c5 2. Nf3 e6 3. c3 d5 4. exd5 exd5 5. Bb5+ Nc6 6. d4 Bd6 7. dxc5 Bxc5 8.
O-O Ne7 9. Nbd2 O-O 10. Nb3 Bb6 11. Re1 Nf5 12. Bd3 h6 13. Bc2 d4 14. Bxf5 Bxf5
15. Nbxd4 Nxd4 16. Nxd4 Bxd4 17. Qxd4 Qxd4 18. cxd4 Rfd8 19. Be3 Rac8 20. Rac1
Rxc1 21. Rxc1 Rc8 22. Rxc8+ Bxc8 23. d5 b6 24. f3 f6 25. Kf2 Kf7 26. Bf4 Bb7 27.
Bb8 1/2-1/2

[Event "UzChess Cup Challengers"]
[Site "Tashkent UZB"]
[Date "2024.06.13"]
[Round "8.1"]
[White "Predke, Alexandr"]
[Black "Suleymanli, Aydin"]
[Result "1-0"]
[WhiteTitle "GM"]
[BlackTitle "GM"]
[WhiteElo "2667"]
[BlackElo "2626"]
[WhiteFideId "24107581"]
[BlackFideId "13413937"]
[EventDate "2024.06.06"]

1. d4 Nf6 2. c4 e6 3. Nc3 Bb4 4. Nf3 O-O 5. Bg5 c5 6. a3 Bxc3+ 7. bxc3 Qa5 8.
Bxf6 Qxc3+ 9. Nd2 gxf6 10. Rb1 Qxd4 11. e3 Qe5 12. Rb3 f5 13. Rg1 d5 14. f4 Qf6
15. g4 Rd8 16. gxf5+ Kf8 17. Qh5 b6 18. e4 Nc6 19. e5 Nxe5 20. fxe5 Qxe5+ 21.
Be2 Ba6 22. Qh6+ Ke7 23. Re3 Qxf5 24. Rf1 Qg6 25. Qh4+ 1-0

[Event "UzChess Cup Challengers"]
[Site "Tashkent UZB"]
[Date "2024.06.13"]
[Round "8.2"]
[White "Matlakov, Maxim"]
[Black "Yilmaz, Mustafa"]
[Result "1-0"]
[WhiteTitle "GM"]
[BlackTitle "GM"]
[WhiteElo "2657"]
[BlackElo "2601"]
[WhiteFideId "4168003"]
[BlackFideId "6302718"]
[EventDate "2024.06.06"]

1. d4 Nf6 2. c4 e6 3. Nf3 d5 4. g3 dxc4 5. Bg2 c5 6. O-O Nc6 7. Qa4 Bd7 8. dxc5
Na5 9. Qc2 Bxc5 10. Ne5 O-O 11. Rd1 h6 12. Na3 Rc8 13. Qc3 a6 14. Nc2 Bb6 15.
Bf4 Re8 16. Nxd7 Nxd7 17. Be5 f6 18. Bd6 Ba7 19. Bf4 Re7 20. Rd2 Bb8 21. Bxb8
Rxb8 22. Rad1 Qc7 23. b4 Nc6 24. Qxc4 Nb6 25. Qb3 Rd8 26. Ne3 Rxd2 27. Rxd2 Nd8
28. a4 Kf8 29. a5 Nd7 30. Rc2 Qb8 31. b5 axb5 32. Qxb5 Kf7 33. a6 1-0

[Event "UzChess Cup Challengers"]
[Site "Tashkent UZB"]
[Date "2024.06.13"]
[Round "8.3"]
[White "Indjic, Aleksandar"]
[Black "Romanov, Evgeny"]
[Result "0-1"]
[WhiteTitle "GM"]
[BlackTitle "GM"]
[WhiteElo "2602"]
[BlackElo "2577"]
[WhiteFideId "911925"]
[BlackFideId "4148843"]
[EventDate "2024.06.06"]

1. d4 d5 2. c4 dxc4 3. e4 e5 4. Nf3 Bb4+ 5. Nc3 Nf6 6. Nxe5 b5 7. f3 O-O 8. a3
Ba5 9. a4 c5 10. dxc5 Qe8 11. axb5 Bxc3+ 12. bxc3 Qxe5 13. Qd4 Qc7 14. Bxc4 Rd8
15. Bd5 Nxd5 16. exd5 Nd7 17. c6 Nb6 18. c4 Nxc4 19. Bf4 Qe7+ 20. Kf2 Be6 21.
Qxc4 Rxd5 22. Rhe1 Qh4+ 23. Kg1 Rd2 24. Qc5 Qxf4 25. Rxa7 Rxa7 26. Qxa7 h6 27.
Qe3 Qb4 28. g4 Rc2 29. Re2 Rc3 30. Qe5 Rxf3 31. c7 Rc3 32. h3 Rc5 33. Rb2 Qc4
34. Qe3 Rxc7 35. b6 Qc1+ 36. Qxc1 Rxc1+ 37. Kf2 Rc8 38. Ke3 Bd5 39. b7 0-1

[Event "UzChess Cup Challengers"]
[Site "Tashkent UZB"]
[Date "2024.06.13"]
[Round "8.4"]
[White "Vakhidov, Jakhongir"]
[Black "Vokhidov, Shamsiddin"]
[Result "1/2-1/2"]
[WhiteTitle "GM"]
[BlackTitle "GM"]
[WhiteElo "2580"]
[BlackElo "2624"]
[WhiteFideId "14201801"]
[BlackFideId "14204223"]
[EventDate "2024.06.06"]

1. c4 e5 2. Nc3 Nf6 3. e3 Nc6 4. Qb3 b6 5. d3 g6 6. Nf3 Bb7 7. Be2 Bg7 8. O-O
O-O 9. a3 Qe7 10. Qc2 Nd8 11. b4 a5 12. Bb2 axb4 13. axb4 Nc6 14. Nd5 Nxd5 15.
cxd5 Nxb4 16. Qxc7 Bxd5 17. Rxa8 Rxa8 18. Bxe5 Na6 19. Qd6 Qxd6 20. Bxd6 Nc5 21.
Rb1 Na4 22. Bf1 Bc3 23. h3 f6 24. d4 Ba5 25. Rb5 Bc6 26. Rb3 Nc3 27. Nd2 b5 28.
e4 Nxe4 29. Nxe4 1/2-1/2

[Event "UzChess Cup Challengers"]
[Site "Tashkent UZB"]
[Date "2024.06.13"]
[Round "8.5"]
[White "Gupta, Abhijeet"]
[Black "Donchenko, Alexander"]
[Result "1/2-1/2"]
[WhiteTitle "GM"]
[BlackTitle "GM"]
[WhiteElo "2589"]
[BlackElo "2639"]
[WhiteFideId "5010608"]
[BlackFideId "24603295"]
[EventDate "2024.06.06"]

1. d4 Nf6 2. c4 g6 3. Nc3 Bg7 4. e4 d6 5. Be2 O-O 6. Be3 c5 7. d5 e6 8. Nf3 exd5
9. cxd5 b5 10. e5 dxe5 11. Bxc5 b4 12. Bxb4 Re8 13. O-O e4 14. Nd4 Nxd5 15. Nxd5
Qxd5 16. Nb5 Qxd1 17. Rfxd1 Bxb2 18. Rab1 Be5 19. Bd6 Bxd6 20. Nxd6 Rd8 21. Nxe4
Nc6 22. Rxd8+ Nxd8 23. Nd6 Bd7 24. h3 a5 25. Bf3 Bc6 26. Bxc6 Nxc6 27. Rb6 Nb4
28. a3 Nc2 29. a4 Rd8 30. Kh2 Nb4 31. Nb7 Rb8 32. Rb5 Nc6 33. Nc5 Rd8 34. Rb6
Ne5 35. Ra6 Nc4 36. Rc6 Ne5 37. Ra6 Nc4 38. Rc6 Ne5 39. Rc7 Rd4 40. Ra7 Nc4 41.
Nb3 Rd5 42. Rc7 Nb6 43. Ra7 Nxa4 44. Rxa5 1/2-1/2

[Event "UzChess Cup Challengers"]
[Site "Tashkent UZB"]
[Date "2024.06.14"]
[Round "9.1"]
[White "Donchenko, Alexander"]
[Black "Predke, Alexandr"]
[Result "1/2-1/2"]
[WhiteTitle "GM"]
[BlackTitle "GM"]
[WhiteElo "2639"]
[BlackElo "2667"]
[WhiteFideId "24603295"]
[BlackFideId "24107581"]
[EventDate "2024.06.06"]

1. Nf3 Nf6 2. g3 b5 3. Bg2 Bb7 4. Na3 a6 5. c4 e6 6. b3 bxc4 7. bxc4 c5 8. Rb1
Bc6 9. O-O Be7 10. d3 d6 11. e4 Nbd7 12. Nc2 Rb8 13. Bd2 Rxb1 14. Qxb1 O-O 15.
Ne3 Qa8 16. Bc3 Rb8 17. Qc2 Ne8 1/2-1/2

[Event "UzChess Cup Challengers"]
[Site "Tashkent UZB"]
[Date "2024.06.14"]
[Round "9.2"]
[White "Vokhidov, Shamsiddin"]
[Black "Gupta, Abhijeet"]
[Result "1-0"]
[WhiteTitle "GM"]
[BlackTitle "GM"]
[WhiteElo "2624"]
[BlackElo "2589"]
[WhiteFideId "14204223"]
[BlackFideId "5010608"]
[EventDate "2024.06.06"]

1. e4 e5 2. Nf3 Nc6 3. Bb5 Nf6 4. d3 d6 5. O-O a6 6. Bxc6+ bxc6 7. d4 exd4 8.
Nxd4 c5 9. Nc6 Qd7 10. Na5 Qa4 11. Qe1 Be7 12. c4 Be6 13. f4 O-O 14. Bd2 Bd8 15.
Bc3 Qe8 16. Nd2 c6 17. Nb7 Qe7 18. Nxd8 Raxd8 19. e5 dxe5 20. Qxe5 Rfe8 21. Rae1
Qf8 22. Qg5 h6 23. Qg3 Bf5 24. Rxe8 Nxe8 25. Qf3 Qe7 26. Qf2 Nc7 27. Re1 Ne6 28.
g4 Bxg4 29. f5 Qg5 30. fxe6 fxe6 31. Ne4 Qg6 32. Qg3 1-0

[Event "UzChess Cup Challengers"]
[Site "Tashkent UZB"]
[Date "2024.06.14"]
[Round "9.3"]
[White "Romanov, Evgeny"]
[Black "Vakhidov, Jakhongir"]
[Result "1/2-1/2"]
[WhiteTitle "GM"]
[BlackTitle "GM"]
[WhiteElo "2577"]
[BlackElo "2580"]
[WhiteFideId "4148843"]
[BlackFideId "14201801"]
[EventDate "2024.06.06"]

1. e4 c5 2. Nf3 g6 3. c4 Nc6 4. d4 cxd4 5. Nxd4 Nf6 6. Nc3 d6 7. Be2 Nxd4 8.
Qxd4 Bg7 9. O-O O-O 10. Qd3 a6 11. Qg3 Be6 12. Rd1 Rc8 13. e5 Ne8 14. Bf4 Qa5
15. Nd5 Bxd5 16. Rxd5 Rc5 17. Rxc5 Qxc5 18. exd6 Nxd6 19. Bxd6 exd6 20. Rd1 Re8
21. Bf1 Re6 22. b3 Qa3 23. Qf3 Qb2 24. c5 Bd4 25. cxd6 Rxd6 26. Qe2 Qc3 27. Rd3
Qc5 28. Qe8+ Kg7 29. Rf3 Bf6 30. g3 b5 31. a4 Re6 32. Qd7 Re7 33. Qd3 Qc6 34.
axb5 axb5 35. Re3 Rxe3 36. Qxe3 Qd5 37. Qd3 1/2-1/2

[Event "UzChess Cup Challengers"]
[Site "Tashkent UZB"]
[Date "2024.06.14"]
[Round "9.4"]
[White "Yilmaz, Mustafa"]
[Black "Indjic, Aleksandar"]
[Result "1/2-1/2"]
[WhiteTitle "GM"]
[BlackTitle "GM"]
[WhiteElo "2601"]
[BlackElo "2602"]
[WhiteFideId "6302718"]
[BlackFideId "911925"]
[EventDate "2024.06.06"]

1. d4 d5 2. c4 e6 3. Nf3 Nf6 4. Nc3 Nbd7 5. Qc2 Bb4 6. cxd5 exd5 7. Bg5 h6 8.
Bh4 c6 9. Nd2 Nf8 10. a3 Be7 11. e3 Ne6 12. Bd3 O-O 13. O-O b6 14. Rfd1 a5 15.
Rab1 Ng4 16. Bxe7 Qxe7 17. b4 axb4 18. axb4 Qd6 19. Nf1 Nf6 20. Ng3 b5 21. Nf5
Qd8 22. Ne2 Bd7 23. Nc1 Ra4 24. Qc3 g6 25. Ng3 h5 26. Nf1 h4 27. h3 Ng5 28. Qe1
Qe7 29. f3 Nh5 30. Kh1 Nh7 31. Bc2 Ra3 32. Nb3 Qf6 33. Qf2 Ra2 34. Ra1 Rfa8 35.
Na5 Rb2 36. Rab1 Ng3+ 37. Kg1 Ne4 38. fxe4 Qxf2+ 39. Kxf2 Rxc2+ 40. Rd2 Rxd2+
41. Nxd2 dxe4 42. Rc1 Nf6 43. Rc5 Kg7 44. Nxc6 Ra2 45. Ke2 Be6 46. Ke1 Nd5 47.
Nd8 Nxe3 48. Nxe6+ fxe6 49. Nxe4 Nxg2+ 50. Kf1 Nf4 51. Rxb5 Nxh3 52. Rb7+ Kh6
53. b5 Ng5 54. Nf2 Nf3 55. b6 Rb2 56. Rb8 Kg7 57. Rb7+ Kh6 58. Rb8 Kg7 59. Rb7+
Kf6 60. Rb8 Ng5 61. Rh8 Nf7 62. Rxh4 g5 63. Rh3 Rxb6 64. Rf3+ Kg6 65. Ne4 Nh6
66. Rf6+ Kg7 67. Rf2 Ng4 68. Ra2 Kg6 69. Ke2 Kf5 70. Ng3+ Kg6 71. Ne4 Nh6 72.
Rd2 Rb5 73. Nc3 Rb3 74. Rd3 Nf5 75. d5 e5 76. d6 Nd4+ 77. Ke3 Kf5 78. d7 Rb8 79.
Nb5 Rd8 80. Nxd4+ exd4+ 81. Rxd4 Ke6 82. Kf3 Rxd7 83. Rxd7 Kxd7 84. Kg4 Ke7 85.
Kxg5 1/2-1/2

[Event "UzChess Cup Challengers"]
[Site "Tashkent UZB"]
[Date "2024.06.14"]
[Round "9.5"]
[White "Suleymanli, Aydin"]
[Black "Matlakov, Maxim"]
[Result "1-0"]
[WhiteTitle "GM"]
[BlackTitle "GM"]
[WhiteElo "2626"]
[BlackElo "2657"]
[WhiteFideId "13413937"]
[BlackFideId "4168003"]
[EventDate "2024.06.06"]

1. e4 e5 2. Nf3 Nc6 3. Bb5 a6 4. Ba4 Nf6 5. O-O Be7 6. d3 b5 7. Bb3 d6 8. a3 Na5
9. Ba2 c5 10. Nc3 Be6 11. Nh4 c4 12. Nf5 Bxf5 13. exf5 d5 14. Bg5 O-O 15. Qe1
Rc8 16. Bxf6 Bxf6 17. Nxd5 Qxd5 18. Qxa5 Qd4 19. dxc4 Qxb2 20. cxb5 Rxc2 21.
bxa6 Rxf2 22. Rxf2 Qxa1+ 23. Rf1 Qxa2 24. a7 Ra8 25. Qb5 Qxa3 26. Qb8+ Rxb8 27.
axb8=Q+ Qf8 28. Qxf8+ Kxf8 29. Kf2 Bg5 30. Kf3 h5 31. Ke4 f6 32. g3 Kg8 33. Rd1
Kh7 34. h4 Bh6 35. Rd7 Bc1 36. Rd8 Bb2 37. Kd5 Bc3 38. Rb8 Be1 39. Ke6 Bxg3 40.
Kf7 Bf4 41. Rb2 Bh6 42. Ra2 Bc1 43. Rg2 Bh6 44. Rc2 Be3 45. Rg2 Bh6 46. Rg6 Kh8
47. Rg1 Kh7 48. Rg3 Kh8 49. Kg6 Kg8 50. Ra3 Kf8 51. Ra7 Ke8 52. Kxh5 e4 53. Kg6
e3 54. h5 Kf8 55. Ra3 1-0